000 00568nmm a2200181Ia 4500
008 251105s9999||||xx |||||||||||||||||und||
020 _a9788431520373
041 _aspa
100 _aPavesi, Lucia
245 0 _aComo predecir el futuro con las cartas de la Sibila
264 _a[Madrid, España] :
_bDe Vecchi,
_c[Fecha de publicación no identificada]
300 _a0 páginas
650 _aMind, body and spirituality
700 _aPavesi, Lucia
700 1 _a Lucchina, Anna Greco
856 _uhttps://public.digitaliapublishing.com/a/122507
942 _cCF
999 _c69831
_d69831